000 00799nam a2200265Ia 4500
003 OSt
005 20220927105316.0
006 a|||||r|||| 00| 0
007 ta
008 220926b |||||||| |||| 00| 0 eng d
020 _a9789280727029
024 _a174074
037 _cReference Collections
040 _aRTL
_cRTL
_beng
041 _2eng
_aeng
082 _a"U:(G:55).678.P, P7/UN"
110 _aUNITED NATION ENVIRONMENT PROGRAMME
_9353743
245 0 _aSudan
_b Post conflict environmental assessment
260 _aNairobi
_bUNEP
_c2007
300 _a350p
_ccm.
500 _aAppendix 336-54p
700 _aUNITED NATION ENVIRONMENT PROGRAMME
_9353744
942 _h"U:(G:55).678.P, P7/UN"
_cCC
999 _c691720
_d691720